00814nam a22002417a 45000010005000000030006000050050017000110080041000280200019000690400033000880500015001210820011001361000026001472450066001732600037002393000025002764900008003015050007003095200202003165210018005185210018005367000018005543990FISKH20240529120423.0240529b cb ||||| |||| 00| 0 eng d a9780545299817  aFISKH beng cFISKH dFISKH  aPZ7.P7493  a813.6  aPoblocki Dan d1977-  aThe mysterious four / bClocks and robbers cby Dan Poblocki  aNew York : bScholastic, c2011  a186 pages : c20 cm  v#2  aM  aReaders are challenged to unravel the clues along with Viola, Sylvester, Rosie, and Woodrow, who are in pursuit of a treasure hinted at by the Masonic glyphs decorating Moon Hollow's town library. 8 a730 bLexile 8 aM bRaz-Plus  aDan Poblocki